00597nam a2200193Ia 4500003000400000005001700004008004100021040000700062041000800069082001600077100002600093245004500119260004500164300000900209650002200218942001300240999001900253952013100272OSt20250926115330.0250729s2005 xx 000 0 und d cAL aeng a371.26 GEOE aGeorge Dravid9222768 aExamination and evaluvation in education aNew DelhibCommonwealth Publishersc2005 a292p aEducation9222769 2ddccBED c235602d235602 00104070aALbALd2025-07-29eSita Book Houseg150.00l0o371.26 GEOEpBED00921r2025-07-29 16:54:08v150.00w2025-07-29yBK